| 000 | 00419 a2200181 4500 | ||
|---|---|---|---|
| 001 | 124271 | ||
| 020 | _a9788541817882 | ||
| 040 | _cEscola Canadense de Niteroi | ||
| 100 | _aFernando dos Santos Sampaio | ||
| 245 | 1 | 0 | _aGeração Alpha: Geografia 7º ano |
| 250 | _a1 ed | ||
| 260 | _aSão Paulo | ||
| 300 |
_a360 p. _bil. |
||
| 362 | 0 | _a2017 | |
| 490 | 0 | _aGeração Alpha | |
| 650 | 4 | _aGeografia | |
| 942 | _cBK | ||
| 999 |
_c124271 _d124271 |
||